| 000 | 03410cam a2200445 4500500 | ||
|---|---|---|---|
| 005 | 20251228051759.0 | ||
| 041 | _afre | ||
| 042 | _adc | ||
| 100 | 1 | 0 |
_aThibout, Orianne _eauthor |
| 245 | 0 | 0 | _aLa Responsabilité Sociétale des Entreprises : un système normatif hybride |
| 260 | _c2016. | ||
| 500 | _a60 | ||
| 520 | _aConcept désormais incontournable pour les entreprises multinationales dans la gestion souvent corrélative des risques juridiques et du risque de réputation afférents à leurs activités économiques ainsi que dans la définition de leurs stratégies commerciales à des fins économiques et concurrentielles, la Responsabilité Sociétale des Entreprises (RSE) participe activement de l’abolition des frontières, d’ores et déjà poreuses, entre normativité publique et normativité privée, entre droit dur et droit souple. Sous-tendant l’intégration des préoccupations du développement durable dans les stratégies d’entreprises et source d’innovations juridiques, la RSE infuse aujourd’hui la quasi-totalité des branches du droit, notamment le droit économique ainsi que le droit des contrats. Elle met dès lors l’accent sur la nécessaire adaptation des instruments juridiques classiques à l’évolution d’un système normatif complexe révélant les réciproques interdépendances des sources du droit dans un contexte économique mondialisé. | ||
| 520 | _aCorporate social responsibility: a hybrid normative systemNow being an unavoidable concept for multinational companies in managing their, often correlated, legal and reputation risks attached to their economic activities as well as in defining their commercial strategies for economic and competitive purposes, Corporate Social Responsibility (CSR) actively participates in abolishing boundaries, already permeable, between public normativity and private normativity, between hard law and soft law. Subtending the integration of sustainable development concerns within corporate strategies and being a source of juridical innovations, CSR now infuses the large majority of legal areas, especially economic law and contract law. Subsequently, it underlines the necessary adaptation of classical legal instruments to the evolution of a complex normative system highlighting the reciprocal interdependencies of law sources in a globalised economic context. | ||
| 690 | _aautorégulation | ||
| 690 | _achartes éthiques | ||
| 690 | _aclauses contractuelles | ||
| 690 | _acodes de conduite | ||
| 690 | _aconformité | ||
| 690 | _adroit dur | ||
| 690 | _adroit souple | ||
| 690 | _aextra-financier | ||
| 690 | _anormes internationales privées | ||
| 690 | _areporting | ||
| 690 | _aResponsabilité Sociétale des Entreprises | ||
| 690 | _arisque de réputation | ||
| 690 | _acharters of ethics | ||
| 690 | _acodes of conduct | ||
| 690 | _acompliance | ||
| 690 | _acontractual terms | ||
| 690 | _aCorporate Social Responsibility | ||
| 690 | _aextra-financial reporting | ||
| 690 | _ahard law | ||
| 690 | _ainternational private standards | ||
| 690 | _areputation risk | ||
| 690 | _aself-regulation | ||
| 690 | _asoft law | ||
| 786 | 0 | _nRevue juridique de l’environnement | Volume 41 | 2 | 2016-06-03 | p. 215-233 | 0397-0299 | |
| 856 | 4 | 1 | _uhttps://droit.cairn.info/revue-juridique-de-l-environnement-2016-2-page-215?lang=fr&redirect-ssocas=7080 |
| 999 |
_c1582266 _d1582266 |
||